[Event "Heldur Valgmäe I Rapid Memorial"]
[Site "Viljandi, Estonia"]
[Date "2021.07.03"]
[Round "3.6"]
[White "Dubrovin, Robert"]
[Black "Seeman, Tarvo"]
[Result "0-1"]
[WhiteElo "2338"]
[BlackElo "2426"]

1. d4 {[%clk 00:13:53]} {[%emt 00:01:10]} Nf6 {[%clk 00:15:01]} {[%emt
00:00:03]} 2. c4 {[%clk 00:13:54]} {[%emt 00:00:02]} g6 {[%clk 00:15:01]}
{[%emt 00:00:02]} 3. Nc3 {[%clk 00:13:55]} Bg7 {[%clk 00:15:01]} {[%emt
00:00:02]} 4. e4 {[%clk 00:13:56]} {[%emt 00:00:01]} d6 {[%clk 00:15:01]}
{[%emt 00:00:02]} 5. Nf3 {[%clk 00:13:57]} {[%emt 00:00:01]} O-O {[%clk
00:15:00]} {[%emt 00:00:03]} 6. Be2 {[%clk 00:13:58]} c5 {[%clk 00:14:56]}
{[%emt 00:00:07]} 7. d5 {[%clk 00:13:55]} {[%emt 00:00:05]} e6 {[%clk
00:14:55]} {[%emt 00:00:02]} 8. O-O {[%clk 00:13:50]} {[%emt 00:00:07]} Na6
{[%clk 00:14:31]} {[%emt 00:00:27]} 9. dxe6 {[%clk 00:13:20]} {[%emt 00:00:32]}
Bxe6 {[%clk 00:14:26]} {[%emt 00:00:06]} 10. Bf4 {[%clk 00:12:54]} {[%emt
00:00:29]} Qb6 {[%clk 00:14:00]} {[%emt 00:00:29]} 11. Qb3 {[%clk 00:12:16]}
{[%emt 00:00:40]} Rfd8 {[%clk 00:12:15]} {[%emt 00:01:47]} 12. Rfd1 {[%clk
00:12:14]} {[%emt 00:00:04]} Ne8 {[%clk 00:11:57]} {[%emt 00:00:19]} 13. Rab1
{[%clk 00:10:41]} {[%emt 00:01:35]} Nb4 {[%clk 00:10:38]} {[%emt 00:01:21]} 14.
Ng5 {[%clk 00:08:57]} {[%emt 00:01:46]} Nc6 {[%clk 00:10:07]} {[%emt 00:00:33]}
15. Nxe6 {[%clk 00:07:31]} {[%emt 00:01:29]} fxe6 {[%clk 00:10:07]} {[%emt
00:00:02]} 16. Qc2 {[%clk 00:05:45]} {[%emt 00:01:48]} Nd4 {[%emt 00:00:14]} 17.
Qd2 {[%emt 00:00:01]} Qc7 {[%clk 00:09:17]} {[%emt 00:00:37]} 18. Bg4 {[%clk
00:05:19]} {[%emt 00:00:31]} Qf7 {[%clk 00:08:56]} {[%emt 00:00:23]} 19. Bg3
{[%clk 00:05:00]} {[%emt 00:00:21]} Nf6 {[%clk 00:08:28]} {[%emt 00:00:29]} 20.
Bh3 {[%clk 00:04:42]} {[%emt 00:00:21]} Nh5 {[%clk 00:08:04]} {[%emt 00:00:26]}
21. Ne2 {[%clk 00:02:59]} {[%emt 00:01:45]} Nxg3 {[%clk 00:07:03]} {[%emt
00:01:03]} 22. fxg3 {[%clk 00:02:26]} {[%emt 00:00:36]} Rf8 {[%clk 00:06:19]}
{[%emt 00:00:45]} 23. Rf1 {[%clk 00:02:09]} {[%emt 00:00:19]} Qe7 {[%clk
00:06:09]} {[%emt 00:00:12]} 24. Nxd4 {[%clk 00:01:54]} {[%emt 00:00:18]} Bxd4+
{[%clk 00:06:07]} {[%emt 00:00:04]} 25. Kh1 {[%clk 00:01:56]} Kg7 {[%emt
00:01:14]} 26. b3 Rxf1+ {[%clk 00:03:50]} {[%emt 00:01:06]} 27. Rxf1 {[%clk
00:01:59]} Rf8 {[%clk 00:03:50]} {[%emt 00:00:02]} 28. Qe2 {[%clk 00:01:55]}
{[%emt 00:00:06]} Rxf1+ {[%clk 00:02:57]} {[%emt 00:00:56]} 29. Qxf1 {[%clk
00:01:56]} Qf6 {[%clk 00:02:57]} {[%emt 00:00:02]} 30. Qf3 {[%clk 00:01:57]} h5
{[%clk 00:02:45]} {[%emt 00:00:14]} 31. g4 {[%clk 00:01:26]} {[%emt 00:00:33]}
h4 {[%clk 00:02:23]} {[%emt 00:00:24]} 32. Qxf6+ {[%clk 00:00:54]} {[%emt
00:00:35]} Kxf6 {[%clk 00:02:23]} {[%emt 00:00:02]} 33. g5+ {[%clk 00:00:55]}
Ke5 {[%clk 00:02:17]} {[%emt 00:00:09]} 34. g3 {[%clk 00:00:56]} hxg3 {[%clk
00:02:16]} {[%emt 00:00:03]} 35. hxg3 {[%clk 00:00:58]} Be3 {[%clk 00:01:43]}
{[%emt 00:00:35]} 36. Kg2 {[%clk 00:00:59]} Bxg5 {[%clk 00:01:20]} {[%emt
00:00:25]} 37. Kf2 {[%clk 00:00:58]} {[%emt 00:00:03]} Bh6 {[%clk 00:00:48]}
{[%emt 00:00:35]} 38. Ke2 {[%clk 00:00:59]} {[%emt 00:00:01]} b6 {[%clk
00:00:24]} {[%emt 00:00:26]} 39. Kd3 {[%clk 00:00:59]} {[%emt 00:00:01]} Bc1
{[%clk 00:00:22]} {[%emt 00:00:04]} 40. Bg4 {[%clk 00:00:54]} {[%emt 00:00:06]}
Bb2 {[%clk 00:00:22]} {[%emt 00:00:03]} 41. Bh3 {[%clk 00:00:49]} {[%emt
00:00:07]} Bd4 {[%clk 00:00:23]} {[%emt 00:00:01]} 42. Bg4 {[%clk 00:00:42]}
{[%emt 00:00:09]} Bf2 {[%clk 00:00:23]} {[%emt 00:00:02]} 43. Bh3 {[%clk
00:00:19]} {[%emt 00:00:24]} Bxg3 {[%emt 00:00:01]} 44. Bg4 Bf2 {[%clk
00:00:24]} {[%emt 00:00:02]} 45. Ke2 {[%clk 00:00:18]} {[%emt 00:00:05]} Bh4
{[%clk 00:00:24]} {[%emt 00:00:02]} 46. Bh3 {[%clk 00:00:17]} {[%emt 00:00:03]}
Kxe4 {[%clk 00:00:21]} {[%emt 00:00:05]} 47. Bxe6 {[%clk 00:00:18]} Kd4 {[%clk
00:00:22]} {[%emt 00:00:01]} 48. Kf3 {[%clk 00:00:07]} {[%emt 00:00:13]} Bf6
{[%clk 00:00:20]} {[%emt 00:00:04]} 49. Bf7 {[%clk 00:00:06]} {[%emt 00:00:04]}
g5 {[%clk 00:00:21]} {[%emt 00:00:01]} 50. Be8 {[%clk 00:00:06]} {[%emt
00:00:02]} Be5 {[%clk 00:00:21]} {[%emt 00:00:01]} 51. Bc6 {[%clk 00:00:05]}
{[%emt 00:00:03]} Kc3 {[%clk 00:00:20]} {[%emt 00:00:03]} 52. Ba4 {[%clk
00:00:04]} {[%emt 00:00:03]} Kb2 {[%clk 00:00:20]} {[%emt 00:00:02]} 53. Kg4
{[%clk 00:00:05]} Bf4 {[%clk 00:00:21]} 54. Kf5 {[%clk 00:00:07]} Kxa2 {[%clk
00:00:22]} {[%emt 00:00:01]} 55. Ke4 {[%clk 00:00:07]} Ka3 {[%clk 00:00:23]}
{[%emt 00:00:02]} 56. Kf3 {[%clk 00:00:08]} {[%emt 00:00:02]} Kb4 {[%clk
00:00:24]} 0-1

[ePGN "0.1;DGT LiveChess/2.2.5"]

[Event "Heldur Valgmäe I Rapid Memorial"]
[Site "Viljandi, Estonia"]
[Date "2021.07.03"]
[Round "4.1"]
[White "Kulaots, Kaido"]
[Black "Miezis, Normunds"]
[Result "0-1"]
[WhiteElo "2560"]
[BlackElo "2437"]

1. e4 {[%clk 00:15:02]} c5 {[%clk 00:15:02]} {[%emt 00:00:03]} 2. Nf3 {[%clk
00:15:02]} {[%emt 00:00:03]} e6 {[%clk 00:15:01]} {[%emt 00:00:02]} 3. d4
{[%clk 00:15:00]} {[%emt 00:00:04]} cxd4 {[%clk 00:15:00]} {[%emt 00:00:03]} 4.
Nxd4 {[%clk 00:14:59]} {[%emt 00:00:02]} a6 {[%clk 00:14:59]} {[%emt 00:00:03]}
5. Be2 {[%clk 00:14:49]} {[%emt 00:00:12]} Nf6 {[%clk 00:14:50]} {[%emt
00:00:11]} 6. Nc3 {[%clk 00:14:46]} {[%emt 00:00:06]} Qc7 {[%clk 00:14:42]}
{[%emt 00:00:10]} 7. O-O {[%clk 00:14:36]} {[%emt 00:00:12]} Bc5 {[%clk
00:14:05]} {[%emt 00:00:39]} 8. Be3 {[%clk 00:12:53]} {[%emt 00:01:45]} O-O
{[%clk 00:12:21]} {[%emt 00:01:47]} 9. a3 {[%clk 00:11:25]} {[%emt 00:01:30]}
d5 {[%clk 00:12:00]} {[%emt 00:00:22]} 10. exd5 {[%clk 00:10:47]} {[%emt
00:00:40]} Nxd5 {[%clk 00:11:40]} {[%emt 00:00:22]} 11. Nxd5 {[%clk 00:10:43]}
{[%emt 00:00:07]} exd5 {[%clk 00:11:37]} {[%emt 00:00:04]} 12. Bf3 {[%clk
00:10:13]} {[%emt 00:00:31]} Rd8 {[%clk 00:11:28]} {[%emt 00:00:11]} 13. Re1
{[%clk 00:09:57]} {[%emt 00:00:18]} h6 {[%clk 00:10:33]} {[%emt 00:00:57]} 14.
Qd2 {[%clk 00:07:09]} {[%emt 00:02:50]} Bf8 {[%clk 00:10:26]} {[%emt 00:00:09]}
15. Rad1 {[%clk 00:04:50]} {[%emt 00:02:21]} Nc6 {[%clk 00:10:22]} {[%emt
00:00:06]} 16. c4 {[%clk 00:04:04]} {[%emt 00:00:49]} dxc4 {[%clk 00:06:28]}
{[%emt 00:03:56]} 17. Bxc6 {[%clk 00:03:47]} {[%emt 00:00:19]} bxc6 {[%clk
00:05:37]} {[%emt 00:00:52]} 18. Nb5 {[%clk 00:03:21]} {[%emt 00:00:28]} Rxd2
{[%clk 00:03:53]} {[%emt 00:01:46]} 19. Nxc7 {[%clk 00:03:18]} {[%emt
00:00:06]} Rxd1 {[%clk 00:03:52]} {[%emt 00:00:02]} 20. Rxd1 {[%clk 00:03:18]}
{[%emt 00:00:02]} Bg4 {[%clk 00:03:52]} {[%emt 00:00:02]} 21. f3 {[%clk
00:03:01]} {[%emt 00:00:19]} Rc8 {[%clk 00:03:42]} {[%emt 00:00:12]} 22. fxg4
{[%clk 00:01:52]} {[%emt 00:01:11]} Rxc7 {[%clk 00:03:41]} {[%emt 00:00:03]} 23.
Rd8 {[%clk 00:01:49]} {[%emt 00:00:04]} c5 {[%clk 00:03:41]} {[%emt 00:00:02]}
24. Kf2 {[%clk 00:01:00]} {[%emt 00:00:51]} f6 {[%clk 00:03:34]} {[%emt
00:00:09]} 25. Rb8 {[%clk 00:00:50]} {[%emt 00:00:12]} Rc6 {[%clk 00:03:15]}
{[%emt 00:00:21]} 26. Ke2 {[%clk 00:00:35]} {[%emt 00:00:17]} Kf7 {[%clk
00:03:13]} {[%emt 00:00:04]} 27. h3 {[%clk 00:00:29]} {[%emt 00:00:09]} g5
{[%clk 00:02:57]} {[%emt 00:00:18]} 28. a4 {[%clk 00:00:29]} {[%emt 00:00:03]}
Bd6 {[%clk 00:02:39]} {[%emt 00:00:19]} 29. Rb7+ {[%clk 00:00:30]} Ke6 {[%clk
00:02:38]} {[%emt 00:00:04]} 30. Kd2 {[%clk 00:00:26]} {[%emt 00:00:06]} Be5
{[%clk 00:02:38]} {[%emt 00:00:02]} 31. Kc2 {[%clk 00:00:24]} {[%emt 00:00:04]}
Kd5 {[%clk 00:02:37]} {[%emt 00:00:03]} 32. Bf2 {[%clk 00:00:19]} {[%emt
00:00:07]} Bd4 {[%clk 00:02:22]} {[%emt 00:00:17]} 33. Bg3 {[%clk 00:00:19]}
{[%emt 00:00:02]} Re6 {[%clk 00:02:18]} {[%emt 00:00:06]} 34. Kd2 {[%clk
00:00:07]} {[%emt 00:00:14]} Re3 {[%clk 00:02:02]} {[%emt 00:00:17]} 35. Bc7
{[%clk 00:00:05]} {[%emt 00:00:05]} Re7 {[%clk 00:01:52]} {[%emt 00:00:11]} 36.
Ra7 {[%clk 00:00:05]} {[%emt 00:00:02]} Bxb2 {[%clk 00:01:47]} {[%emt
00:00:07]} 37. Kc2 {[%clk 00:00:05]} {[%emt 00:00:03]} Bd4 {[%clk 00:01:46]}
{[%emt 00:00:03]} 38. Bb6 {[%clk 00:00:05]} {[%emt 00:00:02]} Re2+ {[%clk
00:01:45]} {[%emt 00:00:02]} 39. Kd1 {[%clk 00:00:04]} {[%emt 00:00:03]} Rxg2
{[%clk 00:01:44]} {[%emt 00:00:03]} 40. Rxa6 {[%clk 00:00:05]} {[%emt
00:00:02]} c3 {[%clk 00:01:37]} {[%emt 00:00:09]} 0-1

[Event "Heldur Valgmäe I Rapid Memorial"]
[Site "Viljandi, Estonia"]
[Date "2021.07.03"]
[Round "4.2"]
[White "Seeman, Tarvo"]
[Black "Laurusas, Tomas"]
[Result "0-1"]
[WhiteElo "2426"]
[BlackElo "2576"]

1. Nf3 {[%clk 00:14:54]} {[%emt 00:00:10]} d5 {[%clk 00:15:03]} {[%emt
00:00:01]} 2. g3 {[%clk 00:14:54]} {[%emt 00:00:02]} Nf6 {[%clk 00:14:55]}
{[%emt 00:00:11]} 3. Bg2 {[%clk 00:14:54]} {[%emt 00:00:01]} c6 {[%clk
00:14:39]} {[%emt 00:00:18]} 4. c4 {[%clk 00:14:36]} {[%emt 00:00:19]} Bf5
{[%clk 00:13:10]} {[%emt 00:01:31]} 5. O-O {[%clk 00:14:12]} {[%emt 00:00:26]}
e6 {[%clk 00:13:11]} {[%emt 00:00:02]} 6. d3 {[%clk 00:14:13]} {[%emt
00:00:01]} Be7 {[%clk 00:12:44]} {[%emt 00:00:29]} 7. Be3 {[%clk 00:12:56]}
{[%emt 00:01:19]} Nbd7 {[%clk 00:10:58]} {[%emt 00:01:47]} 8. Qb3 {[%clk
00:12:53]} {[%emt 00:00:06]} Qc7 {[%clk 00:10:59]} {[%emt 00:00:02]} 9. Nc3
{[%clk 00:12:48]} {[%emt 00:00:07]} O-O {[%clk 00:10:58]} {[%emt 00:00:02]} 10.
Rac1 {[%clk 00:12:47]} {[%emt 00:00:03]} dxc4 {[%clk 00:09:13]} {[%emt
00:01:48]} 11. Qxc4 {[%clk 00:12:46]} {[%emt 00:00:03]} e5 {[%clk 00:09:08]}
{[%emt 00:00:07]} 12. Qa4 {[%clk 00:09:26]} {[%emt 00:03:22]} a5 {[%clk
00:08:45]} {[%emt 00:00:24]} 13. h3 {[%clk 00:06:49]} {[%emt 00:02:39]} h6
{[%clk 00:08:37]} {[%emt 00:00:10]} 14. Rfd1 {[%clk 00:05:22]} {[%emt
00:01:28]} Rfe8 {[%clk 00:08:15]} {[%emt 00:00:24]} 15. d4 {[%clk 00:04:58]}
{[%emt 00:00:26]} e4 {[%clk 00:08:05]} {[%emt 00:00:12]} 16. Nd2 {[%clk
00:04:38]} {[%emt 00:00:23]} Nb6 {[%clk 00:07:48]} {[%emt 00:00:20]} 17. Qc2
{[%clk 00:04:33]} {[%emt 00:00:07]} Nbd5 {[%clk 00:07:44]} {[%emt 00:00:06]} 18.
Nxd5 {[%clk 00:03:58]} {[%emt 00:00:37]} Nxd5 {[%clk 00:07:45]} {[%emt
00:00:02]} 19. Nc4 {[%clk 00:03:29]} {[%emt 00:00:31]} Bf6 {[%clk 00:07:21]}
{[%emt 00:00:25]} 20. Qd2 {[%clk 00:03:03]} {[%emt 00:00:28]} b5 {[%clk
00:06:59]} {[%emt 00:00:25]} 21. Ne5 {[%clk 00:02:58]} {[%emt 00:00:06]} Nxe3
{[%clk 00:06:55]} {[%emt 00:00:06]} 22. Qxe3 {[%clk 00:02:40]} {[%emt
00:00:20]} Bg5 {[%clk 00:06:54]} {[%emt 00:00:02]} 23. Qc3 {[%clk 00:02:33]}
{[%emt 00:00:09]} Bxc1 {[%clk 00:06:45]} {[%emt 00:00:11]} 24. Rxc1 {[%clk
00:02:34]} Rac8 {[%clk 00:06:01]} {[%emt 00:00:47]} 25. g4 {[%clk 00:02:22]}
{[%emt 00:00:14]} Bh7 {[%clk 00:05:24]} {[%emt 00:00:39]} 26. Qc5 {[%clk
00:02:08]} {[%emt 00:00:17]} Re6 {[%clk 00:04:54]} {[%emt 00:00:31]} 27. f4
{[%clk 00:01:48]} {[%emt 00:00:23]} exf3 {[%clk 00:04:19]} {[%emt 00:00:37]} 28.
Bxf3 {[%clk 00:01:48]} {[%emt 00:00:01]} Kh8 {[%clk 00:03:08]} {[%emt
00:01:13]} 29. Bxc6 {[%clk 00:01:19]} {[%emt 00:00:31]} Rxe5 {[%clk 00:02:25]}
{[%emt 00:00:44]} 30. dxe5 {[%clk 00:00:06]} {[%emt 00:01:15]} Be4 {[%clk
00:02:26]} 31. Qd6 {[%clk 00:00:04]} {[%emt 00:00:04]} Qb6+ {[%clk 00:02:14]}
{[%emt 00:00:14]} 0-1

[Event "Heldur Valgmäe I Rapid Memorial"]
[Site "Viljandi, Estonia"]
[Date "2021.07.03"]
[Round "4.3"]
[White "Pultinevicius, Paulius"]
[Black "Kiik, Kalle"]
[Result "1-0"]
[WhiteElo "2519"]
[BlackElo "2424"]

1. d4 {[%clk 00:15:03]} {[%emt 00:09:56]} d5 {[%clk 00:14:39]} {[%emt
00:00:25]} 2. c4 {[%clk 00:15:02]} {[%emt 00:00:02]} e6 {[%clk 00:14:39]}
{[%emt 00:00:02]} 3. Nf3 {[%clk 00:15:02]} {[%emt 00:00:02]} c5 {[%clk
00:14:38]} {[%emt 00:00:02]} 4. cxd5 {[%clk 00:15:02]} {[%emt 00:00:03]} exd5
{[%clk 00:14:39]} {[%emt 00:00:01]} 5. g3 {[%clk 00:15:03]} {[%emt 00:00:02]}
Nc6 {[%clk 00:14:38]} {[%emt 00:00:02]} 6. Bg2 {[%clk 00:15:04]} {[%emt
00:00:02]} Nf6 {[%clk 00:14:36]} {[%emt 00:00:03]} 7. O-O {[%clk 00:15:02]}
{[%emt 00:00:05]} Be7 {[%clk 00:14:36]} {[%emt 00:00:01]} 8. dxc5 {[%clk
00:15:02]} {[%emt 00:00:03]} Bxc5 {[%clk 00:14:35]} {[%emt 00:00:03]} 9. Nc3
{[%clk 00:14:47]} {[%emt 00:00:18]} O-O {[%clk 00:14:29]} {[%emt 00:00:07]} 10.
Bg5 {[%clk 00:14:37]} {[%emt 00:00:13]} d4 {[%clk 00:14:28]} {[%emt 00:00:02]}
11. Ne4 {[%clk 00:14:09]} {[%emt 00:00:31]} Be7 {[%clk 00:14:26]} {[%emt
00:00:02]} 12. Bxf6 {[%clk 00:14:07]} {[%emt 00:00:05]} Bxf6 {[%clk 00:14:26]}
{[%emt 00:00:02]} 13. Rc1 {[%clk 00:13:54]} {[%emt 00:00:15]} Re8 {[%clk
00:13:55]} {[%emt 00:00:33]} 14. Ne1 {[%clk 00:13:14]} {[%emt 00:00:42]} Be7
{[%clk 00:12:27]} {[%emt 00:01:30]} 15. Nd3 {[%clk 00:13:11]} {[%emt 00:00:06]}
Bf8 {[%clk 00:12:08]} {[%emt 00:00:20]} 16. Qd2 {[%clk 00:12:09]} {[%emt
00:01:04]} Rb8 {[%clk 00:10:52]} {[%emt 00:01:18]} 17. Nec5 {[%clk 00:08:16]}
{[%emt 00:03:55]} Qf6 {[%clk 00:09:20]} {[%emt 00:01:33]} 18. b4 {[%clk
00:07:43]} {[%emt 00:00:36]} Ne5 {[%clk 00:08:43]} {[%emt 00:00:39]} 19. Nf4
{[%clk 00:07:00]} {[%emt 00:00:45]} b6 {[%clk 00:07:48]} {[%emt 00:00:57]} 20.
Ne4 {[%clk 00:07:00]} {[%emt 00:00:02]} Qd8 {[%clk 00:07:00]} {[%emt 00:00:50]}
21. Rfd1 {[%clk 00:06:55]} {[%emt 00:00:06]} Bb7 {[%clk 00:04:52]} {[%emt
00:02:10]} 22. Qb2 {[%clk 00:06:06]} {[%emt 00:00:51]} Qe7 {[%clk 00:03:33]}
{[%emt 00:01:21]} 23. Rxd4 {[%clk 00:05:19]} {[%emt 00:00:49]} Nc6 {[%clk
00:03:14]} {[%emt 00:00:21]} 24. Nd5 {[%clk 00:03:36]} {[%emt 00:01:45]} Qe5
{[%clk 00:03:04]} {[%emt 00:00:12]} 25. Rd2 {[%clk 00:01:47]} {[%emt 00:01:51]}
Qxb2 {[%clk 00:02:53]} {[%emt 00:00:13]} 26. Rxb2 {[%clk 00:01:47]} {[%emt
00:00:01]} Rbd8 {[%clk 00:02:54]} 27. Nef6+ {[%clk 00:01:27]} {[%emt 00:00:22]}
gxf6 {[%clk 00:02:43]} {[%emt 00:00:13]} 28. Nxf6+ {[%clk 00:01:28]} {[%emt
00:00:01]} 1-0

[Event "Heldur Valgmäe I Rapid Memorial"]
[Site "Viljandi, Estonia"]
[Date "2021.07.03"]
[Round "4.4"]
[White "Shvyrjov, Igor"]
[Black "Kanep, Siim"]
[Result "1-0"]
[WhiteElo "2285"]
[BlackElo "2238"]

1. d4 {[%clk 00:14:40]} {[%emt 00:00:23]} Nf6 {[%clk 00:15:02]} {[%emt
00:00:02]} 2. c4 {[%clk 00:14:33]} {[%emt 00:00:09]} e6 {[%clk 00:15:02]}
{[%emt 00:00:02]} 3. Nf3 {[%clk 00:14:34]} {[%emt 00:00:01]} d5 {[%clk
00:15:01]} {[%emt 00:00:03]} 4. Nc3 {[%clk 00:14:30]} {[%emt 00:00:06]} c6
{[%clk 00:15:02]} {[%emt 00:00:02]} 5. cxd5 {[%clk 00:14:15]} {[%emt 00:00:17]}
exd5 {[%clk 00:15:02]} {[%emt 00:00:02]} 6. Bg5 {[%clk 00:14:09]} {[%emt
00:00:08]} Bf5 {[%clk 00:14:38]} {[%emt 00:00:26]} 7. Qb3 {[%clk 00:14:03]}
{[%emt 00:00:08]} Qb6 {[%clk 00:13:26]} {[%emt 00:01:13]} 8. Qxb6 {[%clk
00:14:01]} {[%emt 00:00:04]} axb6 {[%clk 00:13:27]} {[%emt 00:00:01]} 9. Bxf6
{[%clk 00:14:02]} {[%emt 00:00:02]} gxf6 {[%clk 00:13:28]} 10. e3 {[%clk
00:14:00]} {[%emt 00:00:04]} Nd7 {[%clk 00:13:14]} {[%emt 00:00:15]} 11. Nh4
{[%clk 00:13:51]} {[%emt 00:00:11]} Bg6 {[%clk 00:12:50]} {[%emt 00:00:26]} 12.
f4 {[%clk 00:13:44]} {[%emt 00:00:09]} Bh6 {[%clk 00:11:43]} {[%emt 00:01:08]}
13. g4 {[%clk 00:13:26]} {[%emt 00:00:20]} Be4 {[%clk 00:09:38]} {[%emt
00:02:08]} 14. Nxe4 {[%clk 00:13:08]} {[%emt 00:00:20]} dxe4 {[%clk 00:09:40]}
15. Bg2 {[%clk 00:12:52]} {[%emt 00:00:18]} Bf8 {[%clk 00:09:32]} {[%emt
00:00:10]} 16. Bxe4 {[%clk 00:11:43]} {[%emt 00:01:11]} O-O-O {[%clk 00:09:32]}
{[%emt 00:00:02]} 17. Nf5 {[%clk 00:11:32]} {[%emt 00:00:13]} h5 {[%clk
00:09:23]} {[%emt 00:00:11]} 18. gxh5 {[%clk 00:09:12]} {[%emt 00:02:22]} Rxh5
{[%clk 00:09:15]} {[%emt 00:00:11]} 19. Kf2 {[%clk 00:08:35]} {[%emt 00:00:38]}
b5 {[%clk 00:09:11]} {[%emt 00:00:06]} 20. h4 {[%clk 00:08:01]} {[%emt
00:00:36]} Nb6 {[%clk 00:09:11]} {[%emt 00:00:02]} 21. Rac1 {[%clk 00:06:58]}
{[%emt 00:01:05]} Re8 {[%clk 00:08:29]} {[%emt 00:00:44]} 22. Kf3 {[%clk
00:06:41]} {[%emt 00:00:19]} Nc4 {[%clk 00:07:53]} {[%emt 00:00:38]} 23. Rh2
{[%clk 00:05:11]} {[%emt 00:01:32]} Rh8 {[%clk 00:06:54]} {[%emt 00:01:01]} 24.
Bd3 {[%clk 00:04:34]} {[%emt 00:00:39]} Nb6 {[%clk 00:06:36]} {[%emt 00:00:20]}
25. Bxb5 {[%clk 00:04:15]} {[%emt 00:00:21]} Kd7 {[%clk 00:06:03]} {[%emt
00:00:35]} 26. Bc4 {[%clk 00:04:04]} {[%emt 00:00:13]} Rh7 {[%clk 00:05:28]}
{[%emt 00:00:38]} 27. Bb3 {[%clk 00:03:59]} {[%emt 00:00:06]} Bb4 {[%clk
00:04:57]} {[%emt 00:00:33]} 28. a3 {[%clk 00:03:55]} {[%emt 00:00:07]} Ba5
{[%clk 00:04:30]} {[%emt 00:00:30]} 29. Rg1 {[%clk 00:03:43]} {[%emt 00:00:13]}
Reh8 {[%clk 00:03:13]} {[%emt 00:01:19]} 30. e4 {[%clk 00:03:33]} {[%emt
00:00:12]} Nc8 {[%clk 00:03:03]} {[%emt 00:00:12]} 31. e5 {[%clk 00:03:29]}
{[%emt 00:00:06]} fxe5 {[%clk 00:02:23]} {[%emt 00:00:42]} 32. dxe5 {[%clk
00:03:28]} {[%emt 00:00:02]} Bb6 {[%clk 00:01:40]} {[%emt 00:00:46]} 33. Rd1+
{[%clk 00:03:26]} {[%emt 00:00:04]} Kc7 {[%clk 00:01:39]} {[%emt 00:00:03]} 34.
Rhd2 {[%clk 00:03:19]} {[%emt 00:00:09]} Kb8 {[%clk 00:01:11]} {[%emt
00:00:31]} 35. Rd7 {[%clk 00:03:13]} {[%emt 00:00:07]} Bc7 {[%clk 00:00:47]}
{[%emt 00:00:26]} 36. Rxf7 {[%clk 00:02:36]} {[%emt 00:00:38]} 1-0

[Event "Heldur Valgmäe I Rapid Memorial"]
[Site "Viljandi, Estonia"]
[Date "2021.07.03"]
[Round "5.1"]
[White "Laurusas, Tomas"]
[Black "Shvyrjov, Igor"]
[Result "1-0"]
[WhiteElo "2576"]
[BlackElo "2285"]

1. d4 {[%clk 00:15:02]} d6 {[%clk 00:15:03]} {[%emt 00:00:01]} 2. Nf3 {[%clk
00:15:01]} {[%emt 00:00:02]} Bg4 {[%clk 00:15:04]} {[%emt 00:00:01]} 3. Nbd2
{[%clk 00:15:01]} {[%emt 00:00:02]} Nf6 {[%clk 00:15:04]} {[%emt 00:00:02]} 4.
g3 {[%clk 00:14:44]} {[%emt 00:00:19]} g6 {[%clk 00:15:03]} {[%emt 00:00:03]} 5.
Bg2 {[%clk 00:14:42]} {[%emt 00:00:03]} c6 {[%clk 00:15:04]} 6. O-O {[%clk
00:14:42]} {[%emt 00:00:03]} Qc8 {[%clk 00:14:52]} {[%emt 00:00:14]} 7. Re1
{[%clk 00:14:43]} {[%emt 00:00:01]} Bg7 {[%clk 00:14:51]} {[%emt 00:00:03]} 8.
b3 {[%clk 00:13:20]} {[%emt 00:01:26]} O-O {[%clk 00:14:46]} {[%emt 00:00:07]}
9. Bb2 {[%clk 00:13:21]} c5 {[%clk 00:11:32]} {[%emt 00:03:18]} 10. c4 {[%clk
00:12:16]} {[%emt 00:01:07]} cxd4 {[%clk 00:11:25]} {[%emt 00:00:09]} 11. Nxd4
{[%clk 00:12:16]} {[%emt 00:00:01]} Nc6 {[%clk 00:11:26]} {[%emt 00:00:01]} 12.
Rc1 {[%clk 00:12:17]} {[%emt 00:00:01]} Nxd4 {[%clk 00:10:59]} {[%emt
00:00:29]} 13. Bxd4 {[%clk 00:12:18]} {[%emt 00:00:01]} Bh3 {[%clk 00:10:58]}
{[%emt 00:00:04]} 14. Bh1 {[%clk 00:12:19]} {[%emt 00:00:01]} Qc7 {[%clk
00:10:11]} {[%emt 00:00:49]} 15. Qc2 {[%clk 00:12:12]} {[%emt 00:00:09]} a5
{[%clk 00:09:23]} {[%emt 00:00:49]} 16. Qb2 {[%clk 00:12:07]} {[%emt 00:00:07]}
Rab8 {[%clk 00:08:23]} {[%emt 00:01:02]} 17. c5 {[%clk 00:09:46]} {[%emt
00:02:23]} Ne8 {[%clk 00:05:26]} {[%emt 00:02:58]} 18. Ne4 {[%clk 00:09:19]}
{[%emt 00:00:28]} dxc5 {[%clk 00:04:16]} {[%emt 00:01:12]} 19. Nxc5 {[%clk
00:08:50]} {[%emt 00:00:32]} Bxd4 {[%clk 00:03:55]} {[%emt 00:00:24]} 20. Qxd4
{[%clk 00:08:50]} Qd6 {[%clk 00:03:53]} {[%emt 00:00:04]} 21. Qh4 {[%clk
00:08:36]} {[%emt 00:00:16]} Bc8 {[%clk 00:03:53]} {[%emt 00:00:02]} 22. Ne4
{[%clk 00:07:54]} {[%emt 00:00:44]} Qa3 {[%clk 00:02:51]} {[%emt 00:01:05]} 23.
Rc2 {[%clk 00:06:52]} {[%emt 00:01:03]} Bf5 {[%clk 00:02:49]} {[%emt 00:00:04]}
24. Ng5 {[%clk 00:06:50]} {[%emt 00:00:04]} Nf6 {[%clk 00:02:46]} {[%emt
00:00:04]} 25. e4 {[%clk 00:06:51]} Qb4 {[%clk 00:02:03]} {[%emt 00:00:47]} 26.
Rec1 {[%clk 00:04:30]} {[%emt 00:02:24]} Be6 {[%clk 00:01:30]} {[%emt
00:00:34]} 27. Nxe6 {[%clk 00:03:37]} {[%emt 00:00:56]} fxe6 {[%clk 00:01:31]}
{[%emt 00:00:01]} 28. Qf4 {[%clk 00:03:33]} {[%emt 00:00:05]} a4 {[%clk
00:00:09]} {[%emt 00:01:24]} 29. Rc4 {[%clk 00:03:26]} {[%emt 00:00:09]} Qb6
{[%clk 00:00:06]} {[%emt 00:00:05]} 30. Qc7 {[%clk 00:03:16]} {[%emt 00:00:11]}
Qa7 {[%clk 00:00:04]} {[%emt 00:00:05]} 31. Rxa4 {[%clk 00:03:10]} {[%emt
00:00:08]} Qxf2+ {[%clk 00:00:00]} {[%emt 00:00:05]} 1-0